02917nkm a22003137a 45000010006000000050017000060070007000230080041000300400024000711000044000952450093001392600043002323000091002755000320003665000122006865000135008085000886009435000116018296000051019456100054019966510029020506550040020798520012021198560151021318560151022829420020024339520133024539990017025868579920260420102100.0kh boc260414s1870 sp ||||| |||| |0| i|spa d aM-RABAbspacM-RABA1 aAlguacil, Casiano,d(1832-1914)911166511a[Sepulcro del Arzobispo Juan Martinez Siliceo]c/ Casiano Alguacilh[Material gráfico] aToledob: Casiano Alguacilc[ca. 1870] a1 fotografíab: albúminac; imagen 15 x 21 cm c; soporte secundario 24 x 33,5 cm 00aFotografía sobre el Sepulcro del Arzobispo de Juan Martinez Siliceo, del autor Ricardo Bellver y Ramón (1890), ubicado en la capilla del Real Colegio de Doncellas Nobles en Toledo. Pertenece a la serie fotográfica de "Monumentos Artísticos de España" de Casiano Alguacil, indicado en el soporte secundario00aMención de responsabilidad impresa en el soporte secundario, a la izquierda: "C. Alguacil" y a la derecha "Toledo".00aDedicatoria manuscrita a tinta al recto: "Al Ilmo. Sr. Don Enrique Serrano Fatigati, su afmo amigo y compañero Ricardo Bellver".00aAnotación manuscrita a tinta al verso: "Sepulcro en mármol del Arzobispo Juan Martinez Siliceo existente en la capilla del Colegio de Doncellas de Toledo. Las cuatro estatuas de loa ángulos de la urna sepultural representan las cuatro Virtudes Cardinales. El bajo relieve que se ve en esta fotografía representa el momento de recibir el título y nombramiento de preceptor del entonces niño Don Felipe II. El relieve del otro costado representa el reparto de premios a las educandas por el fundador Siliceo. En el testero hay un relieve representando la caridad, y en el opuesto el escudo cardenalicio. La escocia de la tapa está decorada con colgantes de siemprevivas, adormideras y margaritas enlazadas con medallones en los que están esculpidos atributos cristianos. Los pies de la estatua apoyan en mi cartela donde está grabada la inscripción dedicatoria".00aFecha tomada del periodo de actividad de fotógrafo en Toledo en su serie Monumentos artísticos de España.17aBellver y Ramón, Ricardo (d1845-1924)9648510aColegio de las Doncellas Nobles de Toledo9111676 7aToledo (España)975550 0aFotografías de monumentos9111580 jFot-639 uhttps://archivoybiblioteca.realacademiabellasartessanfernando.com/cgi-bin/koha/opac-retrieve-file.pl?id=f6c3edc3639803e07879b7e60b5bd6f2yFot-639r uhttps://archivoybiblioteca.realacademiabellasartessanfernando.com/cgi-bin/koha/opac-retrieve-file.pl?id=0acea2fbd858a74b26238f157358facfyFot-639v cFOTOGRAFÍAn0 00102ddc40708FOTOGRAFIAaRABASFbRABASFcDP2d2026-04-14l0oFot-639p1096905r2026-04-14 12:21:11w2026-04-14yFOTOGRAFÍA c85799d85799